<?xml version="1.0" encoding="UTF-8"?>
<record
    xmlns:xsi="http://www.w3.org/2001/XMLSchema-instance"
    xsi:schemaLocation="http://www.loc.gov/MARC21/slim http://www.loc.gov/standards/marcxml/schema/MARC21slim.xsd"
    xmlns="http://www.loc.gov/MARC21/slim">

  <leader>01877nas1a22003011i 4500</leader>
  <controlfield tag="001">RU\NLR\INFOCOMM19\1000051149</controlfield>
  <controlfield tag="005">20240725235726.0</controlfield>
  <datafield tag="035" ind1=" " ind2=" ">
    <subfield code="a">(NLR Aleph) 002476675</subfield>
  </datafield>
  <datafield tag="090" ind1=" " ind2=" ">
    <subfield code="a">2386635</subfield>
    <subfield code="c">2386635</subfield>
  </datafield>
  <datafield tag="100" ind1=" " ind2=" ">
    <subfield code="a">20040405b19161917|||y0rusy50      ca</subfield>
  </datafield>
  <datafield tag="101" ind1="0" ind2=" ">
    <subfield code="a">rus</subfield>
  </datafield>
  <datafield tag="102" ind1=" " ind2=" ">
    <subfield code="a">RU</subfield>
  </datafield>
  <datafield tag="110" ind1=" " ind2=" ">
    <subfield code="a">zyu||||0|y0</subfield>
  </datafield>
  <datafield tag="200" ind1="1" ind2=" ">
    <subfield code="a">&#x418;&#x437;&#x432;&#x435;&#x441;&#x442;&#x438;&#x44F; &#x412;&#x441;&#x435;&#x440;&#x43E;&#x441;&#x441;&#x438;&#x439;&#x441;&#x43A;&#x43E;&#x433;&#x43E; &#x43A;&#x43E;&#x43C;&#x438;&#x442;&#x435;&#x442;&#x430; &#x434;&#x43B;&#x44F; &#x43E;&#x43A;&#x430;&#x437;&#x430;&#x43D;&#x438;&#x44F; &#x43F;&#x43E;&#x43C;&#x43E;&#x449;&#x438; &#x43F;&#x43E;&#x441;&#x442;&#x440;&#x430;&#x434;&#x430;&#x432;&#x448;&#x438;&#x43C; &#x43E;&#x442; &#x432;&#x43E;&#x435;&#x43D;&#x43D;&#x44B;&#x445; &#x431;&#x435;&#x434;&#x441;&#x442;&#x432;&#x438;&#x439;</subfield>
  </datafield>
  <datafield tag="210" ind1=" " ind2=" ">
    <subfield code="a">&#x41F;&#x433;.</subfield>
    <subfield code="d">1916-1917</subfield>
  </datafield>
  <datafield tag="430" ind1=" " ind2="0">
    <subfield code="1">2001#$a&#x418;&#x437;&#x432;&#x435;&#x441;&#x442;&#x438;&#x44F; &#x41A;&#x43E;&#x43C;&#x438;&#x442;&#x435;&#x442;&#x430; &#x432;&#x435;&#x43B;&#x438;&#x43A;&#x43E;&#x439; &#x43A;&#x43D;&#x44F;&#x433;&#x438;&#x43D;&#x438; &#x422;&#x430;&#x442;&#x44C;&#x44F;&#x43D;&#x44B; &#x41D;&#x438;&#x43A;&#x43E;&#x43B;&#x430;&#x435;&#x432;&#x43D;&#x44B;</subfield>
    <subfield code="t">&#x418;&#x437;&#x432;&#x435;&#x441;&#x442;&#x438;&#x44F; &#x41A;&#x43E;&#x43C;&#x438;&#x442;&#x435;&#x442;&#x430; &#x432;&#x435;&#x43B;&#x438;&#x43A;&#x43E;&#x439; &#x43A;&#x43D;&#x44F;&#x433;&#x438;&#x43D;&#x438; &#x422;&#x430;&#x442;&#x44C;&#x44F;&#x43D;&#x44B; &#x41D;&#x438;&#x43A;&#x43E;&#x43B;&#x430;&#x435;&#x432;&#x43D;&#x44B;</subfield>
  </datafield>
  <datafield tag="430" ind1=" " ind2="0">
    <subfield code="1">2001#$a&#x418;&#x437;&#x432;&#x435;&#x441;&#x442;&#x438;&#x44F; &#x422;&#x430;&#x442;&#x44C;&#x44F;&#x43D;&#x438;&#x43D;&#x441;&#x43A;&#x43E;&#x433;&#x43E; &#x43A;&#x43E;&#x43C;&#x438;&#x442;&#x435;&#x442;&#x430;</subfield>
    <subfield code="t">&#x418;&#x437;&#x432;&#x435;&#x441;&#x442;&#x438;&#x44F; &#x422;&#x430;&#x442;&#x44C;&#x44F;&#x43D;&#x438;&#x43D;&#x441;&#x43A;&#x43E;&#x433;&#x43E; &#x43A;&#x43E;&#x43C;&#x438;&#x442;&#x435;&#x442;&#x430;</subfield>
  </datafield>
  <datafield tag="710" ind1="0" ind2="2">
    <subfield code="a">&#x41A;&#x43E;&#x43C;&#x438;&#x442;&#x435;&#x442; &#x43F;&#x43E; &#x43E;&#x43A;&#x430;&#x437;&#x430;&#x43D;&#x438;&#x44E; &#x432;&#x440;&#x435;&#x43C;&#x435;&#x43D;&#x43D;&#x43E;&#x439; &#x43F;&#x43E;&#x43C;&#x43E;&#x449;&#x438; &#x43F;&#x43E;&#x441;&#x442;&#x440;&#x430;&#x434;&#x430;&#x432;&#x448;&#x438;&#x43C; &#x43E;&#x442; &#x432;&#x43E;&#x435;&#x43D;&#x43D;&#x44B;&#x445; &#x431;&#x435;&#x434;&#x441;&#x442;&#x432;&#x438;&#x439;</subfield>
    <subfield code="c">&#x41F;&#x435;&#x442;&#x435;&#x440;&#x431;&#x443;&#x440;&#x433;</subfield>
    <subfield code="4">070</subfield>
  </datafield>
  <datafield tag="801" ind1=" " ind2="1">
    <subfield code="a">RU</subfield>
    <subfield code="b">InfoComm</subfield>
    <subfield code="c">20040405</subfield>
  </datafield>
  <datafield tag="801" ind1=" " ind2="0">
    <subfield code="a">RU</subfield>
    <subfield code="b">NLR</subfield>
    <subfield code="g">PSBO</subfield>
  </datafield>
  <datafield tag="852" ind1=" " ind2=" ">
    <subfield code="a">NLR</subfield>
    <subfield code="j">3/1449&#x43D;&#x438;&#x437;</subfield>
  </datafield>
  <datafield tag="942" ind1=" " ind2=" ">
    <subfield code="c">SE</subfield>
  </datafield>
  <datafield tag="980" ind1=" " ind2=" ">
    <subfield code="a">RUSPER</subfield>
  </datafield>
</record>
